[Event "Memorial G.Agzamov"]
[Site "masterchessopen.com Tashkent (Uzbekistan)"]
[Round "5"]
[White "Zagrebelny Sergey (UZB)"]
[Black "Zaichik Gennadi (USA)"]
[Result "1-0"]
[WhiteElo "2490"]
[BlackElo "2490"]

1.e4 c5 2.Nf3 d6 3.d4 cxd4 4.Nxd4 Nf6 5.Nc3 Nc6 6.Bg5 Bd7 7.Qd2 Rc8 8.O-O-O
Nxd4 9.Qxd4 Qa5 10.f4 e5 11.fxe5 dxe5 12.Qd3 Rxc3 13.bxc3 Ba3+ 14.Kd2 O-O
15.Bxf6 gxf6 16.Be2 Rc8 17.Rb1 Bc6 18.Qg3+ Kh8 19.Qg4 Rg8 20.Qf3 Be7 21.h4 a6
22.g4 Qxa2 23.Ra1 Qe6 24.Rhg1 Bf8 25.Qe3 Qd7+ 26.Ke1 Qc8 27.Qf3 Be7 28.Bc4 Bd7
29.Bxf7 Bxg4 30.Qd3 f5 31.Bxg8 Bxh4+ 32.Kf1 fxe4 33.Qxe4 Qxc3 34.Rxg4 Qxa1+
35.Kg2 Bf6 {#r} 1-0

[Event "?"]
[Site "masterchessopen.com URS"]
[Round "0"]
[White "Agapov K (RUS)"]
[Black "Pesotsky Vitaly (UKR)"]
[Result "1-0"]
[WhiteElo "2395"]
[BlackElo "2323"]

1.e4 c5 2.Nf3 d6 3.d4 cxd4 4.Nxd4 Nf6 5.Nc3 Nc6 6.Bg5 Bd7 7.Qd2 Rc8 8.O-O-O
Nxd4 9.Qxd4 Qa5 10.Bd2 g6 11.Kb1 Bg7 12.Nb5 Qd8 13.Qxa7 Rc5 14.Be3 Rxb5
15.Bxb5 Bxb5 16.Qxb7 Bd7 17.e5 Bc8 18.Qa7 Nd7 19.exd6 e6 20.c4 O-O 21.c5 Qf6
22.Rd2 Bb7 23.Qxb7 Rb8 24.Qxb8+ Nxb8 25.d7 Nxd7 26.c6 Qf5+ 27.Ka1 Nc5 28.Rc1
Nb3+ 29.axb3 Qa5+ 30.Kb1 Be5 31.Rc5 Qa6 32.c7 Bxc7 33.Rxc7 Qf1+ 34.Kc2 Qxg2
35.Bh6 Qa8 36.f3 g5 37.Kb1 f5 38.Rdd7 g4 39.Rg7+ Kf8 40.Rg6+ {#r} 1-0

[Event "It"]
[Site "masterchessopen.com Dordrecht (Netherlands)"]
[Round "4"]
[White "Riemersma Liafbern (NED)"]
[Black "Piket Jeroen (NED)"]
[Result "1-0"]
[WhiteElo "2395"]
[BlackElo "2450"]

1.e4 c5 2.Nf3 d6 3.d4 cxd4 4.Nxd4 Nf6 5.Nc3 Nc6 6.Bg5 Bd7 7.Qd2 Nxd4 8.Qxd4
Qa5 9.Bd2 Rc8 10.O-O-O e5 11.Qd3 a6 12.a3 Be6 13.Nd5 Qd8 14.Bg5 Bxd5 15.Bxf6
Qxf6 16.Qxd5 Qxf2 17.Bc4 Rc5 18.Rd2 Qf4 19.Qd3 f5 20.Bd5 g6 21.g3 Qg5 22.Kb1
Bh6 23.Re2 Qe7 24.exf5 gxf5 25.Qxf5 Rf8 26.Qh5+ Kd8 27.Rd1 Rf6 28.Re4 Kc7
29.Qe2 Kb8 30.Rb4 Rc7 31.Qxa6 Rf2 32.Be4 Bf8 33.Rxd6 Rfxc2 34.Rd8+ Qxd8
35.Rxb7+ Kc8 36.Rb8+ Kd7 37.Rxd8+ Kxd8 38.Bxc2 {#r} 1-0

[Event "It"]
[Site "masterchessopen.com Trnava (Slovakia)"]
[Round "0"]
[White "Mokry Karel (CZE)"]
[Black "Robatsch Karl (AUT)"]
[Result "1-0"]
[WhiteElo "2485"]
[BlackElo "2400"]

1.e4 c5 2.Nf3 d6 3.d4 cxd4 4.Nxd4 Nf6 5.Nc3 Nc6 6.Bg5 Bd7 7.Qd2 Rc8 8.f4 h6
9.Bxf6 gxf6 10.Nf5 Qa5 11.Bd3 Nb4 12.a3 Nxd3+ 13.Qxd3 Rg8 14.g3 Qa6 15.Qxa6
bxa6 16.O-O-O Bxf5 17.exf5 h5 18.Ne4 Kd8 19.b3 h4 20.Rd3 Rc6 21.Kd2 Bg7 22.c4
Kc7 23.Ke3 e6 24.g4 a5 25.a4 Rd8 26.Rhd1 Bf8 27.Nxf6 Be7 28.Ne4 exf5 29.gxf5
Rb6 30.f6 Bf8 31.c5 Rb4 32.cxd6+ Kd7 33.Rc1 Re8 34.Rc7+ Kd8 35.Rc4 Rb6 36.d7
{#r} 1-0

[Event "It (open)"]
[Site "masterchessopen.com Baden-Baden (Germany)"]
[Round "0"]
[White "Gottstein Claudius (GER)"]
[Black "Moser Klaus Prof Dr (GER)"]
[Result "0-1"]
[WhiteElo "2190"]
[BlackElo "2294"]

1.e4 c5 2.Nf3 d6 3.d4 cxd4 4.Nxd4 Nf6 5.Nc3 Nc6 6.Bg5 Bd7 7.Qd2 Rc8 8.O-O-O
Nxd4 9.Qxd4 Qa5 10.Qd2 Rxc3 11.Bxf6 gxf6 12.Qxc3 Qxa2 13.f4 Bh6 14.g3 O-O
15.Bc4 Qa4 16.Qb3 Qa1+ 17.Kd2 Qa5+ 18.Ke3 Qc5+ 19.Kf3 f5 20.exf5 Bxf5 21.Rhe1
Bd7 22.Rxe7 Qh5+ 23.Kg2 Bh3+ 24.Kf2 Qxd1 25.Bxf7+ Kh8 26.Qc3+ Bg7 27.Qxg7+
Kxg7 28.Bh5+ Kf6 {#R} 0-1

[Event "Cup Arnold"]
[Site "masterchessopen.com Gausdal (Norway)"]
[Round "0"]
[White "Ziegler Ari (SWE)"]
[Black "Bellin Robert (ENG)"]
[Result "1-0"]
[WhiteElo "2255"]
[BlackElo "2370"]

1.e4 c5 2.Nf3 d6 3.d4 cxd4 4.Nxd4 Nf6 5.Nc3 Nc6 6.Bg5 Bd7 7.Qd2 Rc8 8.O-O-O
Nxd4 9.Qxd4 Qa5 10.f4 h6 11.Bxf6 gxf6 12.Bc4 Qc5 13.Bd5 b5 14.Qxc5 Rxc5 15.Bb3
e6 16.Rhe1 Rg8 17.g3 h5 18.e5 Rxc3 19.bxc3 fxe5 20.fxe5 d5 21.Kb2 a5 22.a4
bxa4 23.Ba2 Rg5 24.c4 dxc4 25.Bxc4 Bg7 26.c3 Bxe5 27.Re2 f6 28.Red2 Rg7
29.Rxd7 {#r} 1-0

[Event "?"]
[Site "masterchessopen.com Reggio Emilia (Italy)"]
[Round "0"]
[White "Turci Stefano (ITA)"]
[Black "Caposciutti Maurizio (ITA)"]
[Result "1-0"]
[WhiteElo "2228"]
[BlackElo "2316"]

1.e4 c5 2.Nf3 Nc6 3.d4 cxd4 4.Nxd4 Nf6 5.Nc3 d6 6.Bg5 Bd7 7.Qd2 Rc8 8.O-O-O
Nxd4 9.Qxd4 Qa5 10.f4 e6 11.e5 dxe5 12.fxe5 Rxc3 13.Bd2 Qxa2 14.Bxc3 g6 15.b3
Nd5 16.Be2 Be7 17.h4 Nxc3 18.Qxc3 a5 19.Rxd7 Ba3+ 20.Kd1 O-O 21.Bf1 Qb1+
22.Ke2 Bb4 23.Qd3 Qe1+ 24.Kf3 Bc5 25.Qd2 Qxe5 26.Bc4 Bb4 27.Qd3 Bc5 28.g3 {#r}
1-0

[Event "It"]
[Site "masterchessopen.com Stary Smokovec (Slovakia)"]
[Round "0"]
[White "Gazik Igor (SVK)"]
[Black "Robatsch Karl (AUT)"]
[Result "0-1"]
[WhiteElo "2328"]
[BlackElo "2415"]

1.e4 c5 2.Nf3 d6 3.d4 cxd4 4.Nxd4 Nf6 5.Nc3 Nc6 6.Bg5 Bd7 7.Qd2 Rc8 8.O-O-O
Nxd4 9.Qxd4 Qa5 10.f4 h6 11.Bh4 g5 12.e5 Bg7 13.Be1 Nh5 14.Nd5 Qxa2 15.Nxe7
Rd8 16.Bb4 dxe5 17.Qc5 b6 18.Qc3 e4 19.Qa3 Qxa3 20.Bxa3 Bf8 21.Nd5 Bxa3
22.bxa3 Nxf4 23.Nc7+ Ke7 24.g3 Rc8 25.Nb5 Nd3+ 26.Bxd3 exd3 27.Rhe1+ Kf6
28.Nd6 Rxc2+ 29.Kb1 Be6 30.Rxd3 Rxh2 31.Rc3 Rd8 32.Ne4+ Kg6 33.Nf2 Rd2 34.Ne4
Rb2+ 35.Ka1 Ra2+ 36.Kb1 Rhb2+ 37.Kc1 Re2 {#R} 0-1

[Event "Ch France"]
[Site "masterchessopen.com Val Thorens (France)"]
[Round "0"]
[White "Moingt Jean-Claude (FRA)"]
[Black "Bezsilko Philippe (FRA)"]
[Result "0-1"]
[WhiteElo "2242"]
[BlackElo "2191"]

1.e4 c5 2.Nf3 Nc6 3.d4 cxd4 4.Nxd4 Nf6 5.Nc3 d6 6.Bg5 Bd7 7.Qd2 Rc8 8.O-O-O
Nxd4 9.Qxd4 Qa5 10.f4 h6 11.Bxf6 gxf6 12.Bc4 Bg7 13.Bb3 Qc5 14.Qd3 b5 15.Qg3
Kf8 16.e5 fxe5 17.fxe5 Qxe5 18.Qf3 Be6 19.Bxe6 Qxe6 20.Rde1 Be5 21.Qb7 Rc5
22.Kb1 Qc8 23.Qxc8+ Rxc8 24.Nxb5 Rb8 25.Nxa7 Bxb2 26.Nc6 Rb6 27.Nxe7 Bf6+ {#R}
0-1

[Event "Ch Europe (juniors)"]
[Site "masterchessopen.com Arnhem (Netherlands)"]
[Round "7"]
[White "Hamalainen Sami (FIN)"]
[Black "Meessen Rudolf (BEL)"]
[Result "0-1"]
[WhiteElo "2266"]
[BlackElo "2278"]

1.e4 c5 2.Nf3 d6 3.d4 cxd4 4.Nxd4 Nf6 5.Nc3 Nc6 6.Bg5 Bd7 7.Qd2 Rc8 8.f4 Nxd4
9.Qxd4 Qa5 10.Bxf6 gxf6 11.Be2 Rg8 12.g3 f5 13.e5 dxe5 14.fxe5 Bg7 15.O-O-O
Bc6 16.Bf3 Bxe5 17.Bxc6+ Rxc6 18.Qd7+ Kf8 19.Rd5 Rc5 20.Rxc5 Qxc5 21.Qxf5 Rg6
22.Re1 Re6 23.Qd3 Bxc3 24.Rxe6 Qg1+ {#R} 0-1

[Event "Ch Austria"]
[Site "masterchessopen.com Austria"]
[Round "13"]
[White "Petschar Kurt (AUT)"]
[Black "Lendwai Reinhard (AUT)"]
[Result "1-0"]
[WhiteElo "2312"]
[BlackElo "2397"]

1.e4 c5 2.Nf3 d6 3.d4 cxd4 4.Nxd4 Nf6 5.Nc3 Nc6 6.Bg5 Bd7 7.Qd2 Rc8 8.O-O-O
Nxd4 9.Qxd4 Qa5 10.Bd2 a6 11.a3 Qc7 12.f3 e5 13.Qf2 Be6 14.Bg5 Nd7 15.Nd5 Bxd5
16.Rxd5 h6 17.Be3 Be7 18.h4 b5 19.Kb1 Rb8 20.g3 b4 21.a4 b3 22.Bxa6 O-O 23.Bb5
Nf6 24.Rd3 Rxb5 25.axb5 bxc2+ 26.Qxc2 Qa5 27.b6 d5 28.b7 dxe4 29.fxe4 Qa6
30.Rb3 Rb8 31.Rc1 Kh7 32.Qc4 Qd6 33.Ba7 Nd7 34.Bxb8 Nxb8 35.Qxf7 Bd8 36.h5 Qd4
37.Qd5 Qa4 38.Ra3 {#r} 1-0

[Event "It (open)"]
[Site "masterchessopen.com Bern (Switzerland)"]
[Round "0"]
[White "Domont Alexandre (SUI)"]
[Black "Knobel Rolf (SUI)"]
[Result "1-0"]
[WhiteElo "2361"]
[BlackElo "2260"]

1.e4 c5 2.Nf3 Nc6 3.d4 cxd4 4.Nxd4 Nf6 5.Nc3 d6 6.Bg5 Bd7 7.Qd2 Rc8 8.O-O-O
Nxd4 9.Qxd4 Qa5 10.Bd2 e5 11.Qe3 a6 12.Kb1 Be6 13.Be2 Qc7 14.f4 b5 15.Bf3 Be7
16.Rc1 exf4 17.Qxf4 Qc4 18.Rhe1 O-O 19.Nd5 Bd8 20.b3 Qc6 21.c4 Qd7 22.Bb4 bxc4
23.Qxd6 Re8 24.Qxd7 Bxd7 25.Rxc4 Nxd5 26.exd5 {#r} 1-0

[Event "It (open) \"]
[Site "masterchessopen.com Cologne (Germany)"]
[Round "0"]
[White "Nowik Volker (GER)"]
[Black "Daverkausen Bernd (GER)"]
[Result "0-1"]
[WhiteElo "2187"]
[BlackElo "2218"]

1.e4 c5 2.Nf3 Nc6 3.d4 cxd4 4.Nxd4 Nf6 5.Nc3 d6 6.Bg5 Bd7 7.Qd2 Rc8 8.Be2 Nxd4
9.Qxd4 Qa5 10.Bd2 e5 11.Qd3 Qc7 12.O-O Be7 13.Kh1 O-O 14.f4 Bc6 15.Rad1 b5
16.a3 a5 17.Bf3 b4 18.axb4 axb4 19.Ne2 Qb7 20.Ng3 Bb5 21.Qe3 Bxf1 22.Rxf1 Rxc2
23.fxe5 dxe5 24.Nf5 Ne8 25.Bd1 Rxb2 26.Bc1 Ra2 27.Qg3 Bf6 28.Bb3 Ra1 29.Bd5
Qc7 30.Qe1 Bg5 31.Ne3 Rxc1 32.Qxc1 Qxc1 33.Rxc1 Bxe3 34.Rc8 Nf6 {#R} 0-1

[Event "It (cat.11)"]
[Site "masterchessopen.com Santiago (Chile)"]
[Round "0"]
[White "Milos Gilberto (BRA)"]
[Black "Cifuentes Parada Roberto (ESP)"]
[Result "0-1"]
[WhiteElo "2510"]
[BlackElo "2470"]

1.e4 c5 2.Nf3 d6 3.d4 cxd4 4.Nxd4 Nf6 5.Nc3 Nc6 6.Bg5 Bd7 7.Qd2 Rc8 8.O-O-O
Nxd4 9.Qxd4 Qa5 10.f4 e5 11.Qd3 Ng4 12.Nb5 Qxa2 13.Bh4 Qa1+ 14.Kd2 Qxb2 15.Be2
d5 16.Bxg4 Rxc2+ {#R} 0-1

[Event "It \"]
[Site "masterchessopen.com Budapest (Hungary)"]
[Round "0"]
[White "Horvath Csaba (HUN)"]
[Black "Csom Istvan (HUN)"]
[Result "0-1"]
[WhiteElo "2480"]
[BlackElo "2485"]

1.e4 c5 2.Nf3 Nc6 3.d4 cxd4 4.Nxd4 Nf6 5.Nc3 d6 6.Bg5 Bd7 7.Qd2 Rc8 8.O-O-O
Nxd4 9.Qxd4 Qa5 10.Bd2 e6 11.f3 a6 12.a3 Qc7 13.g4 e5 14.Qf2 Be6 15.Be3 h6
16.h4 b5 17.Nd5 Qb7 18.Qd2 h5 19.Bg5 Bxd5 20.exd5 Rc5 21.Bxf6 gxf6 22.g5 fxg5
23.hxg5 Bg7 24.Bh3 Rc4 25.Qd3 Rd4 26.Qb3 Rf4 27.g6 fxg6 28.Be6 Bf6 29.Rd3 Kf8
30.Rc3 Kg7 31.Rc6 Rd8 32.Re1 Qa7 33.Qc3 Qf2 34.Rc7+ Kh6 35.Rd1 e4 36.Qc6 {#R}
0-1

[Event "It (open) \"]
[Site "masterchessopen.com Budapest (Hungary)"]
[Round "0"]
[White "Hardicsay Peter (HUN)"]
[Black "Cmiel Thorsten (GER)"]
[Result "1-0"]
[WhiteElo "2266"]
[BlackElo "2250"]

1.e4 c5 2.Nf3 Nc6 3.d4 cxd4 4.Nxd4 Nf6 5.Nc3 d6 6.Bg5 Bd7 7.Qd2 Rc8 8.O-O-O
Nxd4 9.Qxd4 Qa5 10.Bxf6 gxf6 11.Kb1 e6 12.Qxf6 Rg8 13.Qf4 Rg5 14.Nd5 Rxd5
15.exd5 Bg7 16.Qg3 Be5 17.f4 Qa4 18.Qb3 Qxb3 19.axb3 Bxf4 20.Bd3 h6 21.Rdf1
Be5 22.dxe6 Bxe6 23.Bf5 Ke7 24.Bxe6 fxe6 25.g4 Rg8 26.h3 h5 27.gxh5 Rh8 28.Rf3
Rxh5 29.Rg1 d5 30.c3 Rh7 31.Rg6 Bg7 32.c4 dxc4 33.bxc4 Be5 34.b3 Bd4 35.Kc2 e5
36.Kd3 Rh4 37.Rg4 {#r} 1-0

[Event "It (open) (2)"]
[Site "masterchessopen.com Copenhagen (Denmark)"]
[Round "6"]
[White "Thorhallsson Throstur (ISL)"]
[Black "Kristiansen Jens (DEN)"]
[Result "1-0"]
[WhiteElo "2405"]
[BlackElo "2439"]

1.e4 c5 2.Nf3 Nc6 3.d4 cxd4 4.Nxd4 Nf6 5.Nc3 d6 6.Bg5 Bd7 7.Qd2 Rc8 8.O-O-O
Nxd4 9.Qxd4 Qa5 10.f4 Rxc3 11.bxc3 e5 12.Qc4 d5 13.exd5 Ba3+ 14.Kd2 Nxd5
15.Rb1 O-O 16.Bd3 exf4 17.Rhe1 Rc8 18.Rb5 Qxc3+ 19.Qxc3 Nxc3 20.Rxb7 Bc6
21.Rb3 Bd6 22.Kxc3 Bxg2+ 23.Kd2 f6 24.Bh4 Bc5 25.Reb1 g5 26.Rb8 Rxb8 27.Rxb8+
Kg7 28.Be1 f3 29.Rb7+ Kf8 30.Be4 h5 31.Rb5 Bg1 32.Rf5 Kg7 33.h4 gxh4 34.Bxh4
Bd4 35.Bxf3 Kg6 36.Rf4 Be5 37.Ke3 Bxf4+ 38.Kxf4 Bf1 39.Be4+ Kg7 40.Bf3 Bc4
{#r} 1-0

[Event "Regionalliga NordN"]
[Site "masterchessopen.com Germany"]
[Round "0"]
[White "Herrnkind Martin (GER)"]
[Black "Neumann Joachim (GER)"]
[Result "0-1"]
[WhiteElo "2085"]
[BlackElo "2134"]

1.e4 c5 2.Nf3 Nc6 3.d4 cxd4 4.Nxd4 Nf6 5.Nc3 d6 6.Bg5 Bd7 7.Qd2 Rc8 8.O-O-O
Nxd4 9.Qxd4 Qa5 10.Bxf6 gxf6 11.Kb1 Qc5 12.Qxc5 Rxc5 13.Nd5 f5 14.Bd3 fxe4
15.Bxe4 f5 16.Bf3 Kf7 17.Rhe1 e6 18.Bh5+ Kg7 19.Nf4 Kf6 20.g4 Be7 21.g5+ Kxg5
22.Nxe6+ Bxe6 23.Rxe6 Re5 24.Re1 Rxe1+ 25.Rxe1 Bf6 26.Bf3 Be5 27.h3 Kf4
28.Bxb7 Rb8 29.Bd5 Rxb2+ 30.Kc1 Rb5 31.Bc4 Rb4 32.Bg8 h6 33.Rg1 Kf3 34.Rg6
Bf4+ {#R} 0-1

[Event "It"]
[Site "masterchessopen.com Habana (Cuba)"]
[Round "1"]
[White "Ibanez Dagoberto (CUB)"]
[Black "Otero Evelio (CUB)"]
[Result "0-1"]
[WhiteElo "2197"]
[BlackElo "2385"]

1.e4 c5 2.Nf3 Nc6 3.d4 cxd4 4.Nxd4 Nf6 5.Nc3 d6 6.Bg5 Bd7 7.Qd2 Rc8 8.Be2 Nxd4
9.Qxd4 Qa5 10.f4 h6 11.Bh4 g5 12.e5 Bg7 13.Bf2 gxf4 14.exf6 Bxf6 15.Qd3 Rxc3
16.Qd2 Qc7 17.Bd3 Rc6 18.O-O Be5 19.c3 Rg8 20.Rfe1 Bh3 21.Be4 Bxg2 22.Bxg2 f3
23.Qd3 Rxg2+ 24.Kf1 Rxh2 25.Qxf3 Rc4 {#R} 0-1

[Event "It \"]
[Site "masterchessopen.com Kavala (Greece)"]
[Round "1"]
[White "Makropoulou Marina (GRE)"]
[Black "Foisor Cristina Adela (ROM)"]
[Result "1-0"]
[WhiteElo "2207"]
[BlackElo "2416"]

1.e4 c5 2.Nf3 Nc6 3.d4 cxd4 4.Nxd4 Nf6 5.Nc3 d6 6.Bg5 Bd7 7.Qd2 Rc8 8.O-O-O
Nxd4 9.Qxd4 Qa5 10.f4 e5 11.fxe5 dxe5 12.Qd2 Bc6 13.Bxf6 gxf6 14.Bc4 Bb4
15.Qh6 Bxc3 16.Qxf6 Rf8 17.Bxf7+ Rxf7 18.Qe6+ Kf8 19.Qxc8+ Kg7 20.Qg4+ Kf8
21.Qc8+ Kg7 22.Qg4+ Kf8 23.bxc3 Qxc3 24.Qc8+ Kg7 25.Qg4+ Kf8 26.Rd8+ Be8
27.Qc8 Qa3+ 28.Kb1 Qb4+ 29.Ka1 Re7 30.Rf1+ Kg7 31.Rxe8 Rxe8 32.Qxe8 Qd4+
33.Kb1 Qb6+ 34.Kc1 Qe3+ 35.Kb1 Qb6+ 36.Kc1 Qe3+ 37.Kd1 Qd4+ 38.Ke2 Qxe4+
39.Kf2 Qd4+ 40.Kg3 {#r} 1-0

[Event "It (open)"]
[Site "masterchessopen.com Muenster (Germany)"]
[Round "8"]
[White "Luecke Norbert (GER)"]
[Black "Kalinitschew Sergey (GER)"]
[Result "1-0"]
[WhiteElo "2353"]
[BlackElo "2465"]

1.e4 c5 2.Nf3 Nc6 3.d4 cxd4 4.Nxd4 Nf6 5.Nc3 d6 6.Bg5 Bd7 7.Qd2 Rc8 8.O-O-O a6
9.f3 e6 10.Kb1 Be7 11.h4 h5 12.Nxc6 Rxc6 13.Bd3 Qc7 14.Rhe1 O-O 15.Nd5 exd5
16.exd5 Rc5 17.Rxe7 Nxd5 18.Ree1 Be6 19.Re4 Rc8 20.Qe1 Qd7 21.Rd4 a5 22.a3 Qc7
23.Be4 Rxc2 24.Rxd5 Bxd5 25.Rxd5 Rxg2 26.Rb5 d5 27.Bxd5 Qd7 28.Qxa5 Qh3
29.Rxb7 Rg1+ 30.Ka2 Qf1 31.Bxf7+ Kh8 32.Bc1 Qxf3 33.Bd2 Rf8 34.Qxh5+ Qxh5
35.Bxh5 Kh7 36.Be2 Rg2 37.Bd3+ Kg8 38.Bc3 Rc8 {#r} 1-0

[Event "It"]
[Site "masterchessopen.com Rotterdam (Netherlands)"]
[Round "3"]
[White "Bronstein David I (RUS)"]
[Black "Piket Jeroen (NED)"]
[Result "0-1"]
[WhiteElo "2445"]
[BlackElo "2495"]

1.e4 c5 2.Nf3 d6 3.d4 cxd4 4.Nxd4 Nf6 5.Nc3 Nc6 6.Bg5 Bd7 7.Qd2 Nxd4 8.Qxd4
Qa5 9.Bd2 Rc8 10.Bd3 e5 11.Qe3 a6 12.O-O Be6 13.Kh1 Be7 14.Qg3 Qb6 15.b3 g6
16.a4 Nh5 17.Qf3 O-O 18.a5 Qd8 19.Na4 d5 20.Nb6 dxe4 21.Qxe4 Rc6 22.Qxe5 Bf6
23.Qe3 Bxa1 24.Rxa1 Re8 25.Qf3 Bf5 26.Nc4 Bxd3 27.cxd3 Rf6 28.Qxb7 Qxd3 29.Kg1
Rxf2 {#R} 0-1

[Event "Ch World (juniors) (under 20)"]
[Site "masterchessopen.com Santiago (Chile)"]
[Round "0"]
[White "Zapata Marco (CHI)"]
[Black "Sherzer Alex (USA)"]
[Result "0-1"]
[WhiteElo "2380"]
[BlackElo "2440"]

1.e4 c5 2.Nf3 d6 3.d4 cxd4 4.Nxd4 Nf6 5.Nc3 Nc6 6.Bg5 Bd7 7.Qd2 Rc8 8.f3 a6
9.O-O-O Nxd4 10.Qxd4 Qa5 11.Be3 g6 12.Bc4 Bg7 13.Nd5 Be6 14.Qd3 Nd7 15.Bb3 Nc5
16.Bxc5 Qxc5 17.Kb1 b5 18.g3 a5 19.a4 Bd7 20.axb5 Bxb5 21.Qe3 a4 22.Qxc5 Rxc5
23.Ba2 e6 24.Nf4 Ke7 25.Nd3 Rc7 26.Rhe1 Rb8 27.e5 dxe5 28.Nxe5 Rcb7 29.b3 axb3
30.cxb3 Bxe5 31.Rxe5 Bc4 {#R} 0-1

[Event "Ch Spain (team)"]
[Site "masterchessopen.com Spain"]
[Round "0"]
[White "Roiz Baztan David (ESP)"]
[Black "Nunez Vallina Jose Antonio (ESP)"]
[Result "0-1"]
[WhiteElo "2282"]
[BlackElo "2380"]

1.e4 c5 2.Nf3 Nc6 3.d4 cxd4 4.Nxd4 Nf6 5.Nc3 d6 6.Bg5 Bd7 7.Qd2 Rc8 8.Nb3 a6
9.Be2 e6 10.O-O h6 11.Be3 Be7 12.f4 O-O 13.Rad1 b5 14.Bf3 Qc7 15.Qf2 Rb8
16.Qg3 b4 17.Ne2 Kh8 18.Ned4 d5 19.e5 Ne4 20.Bxe4 dxe4 21.Nxc6 Qxc6 22.Qh3 f5
23.exf6 Bxf6 24.Bc5 Rfd8 25.Rd6 Qb5 26.f5 Rf8 27.Bd4 Bc8 28.Bxf6 Rxf6 29.Nd4
Qc5 30.Rd8+ Kh7 {#R} 0-1

[Event "Staatsliga"]
[Site "masterchessopen.com Austria"]
[Round "0"]
[White "Schuh Franz (AUT)"]
[Black "Robatsch Karl (AUT)"]
[Result "0-1"]
[WhiteElo "2249"]
[BlackElo "2349"]

1.e4 c5 2.Nf3 d6 3.d4 cxd4 4.Nxd4 Nf6 5.Nc3 Nc6 6.Bg5 Bd7 7.Qd2 Rc8 8.f4 h6
9.Bxf6 gxf6 10.O-O-O Nxd4 11.Qxd4 Qa5 12.Be2 h5 13.Kb1 h4 14.Rhe1 Qc5 15.Qxc5
Rxc5 16.Rd5 Rg8 17.Bf3 Bg4 18.Rxc5 dxc5 19.Bxg4 Rxg4 20.g3 hxg3 21.hxg3 Rxg3
22.Nd5 Bg7 23.a4 e6 24.Nc3 Bh6 25.Rf1 Ke7 26.Rf2 a6 27.Ka2 Rg4 28.Ne2 b5
29.axb5 axb5 30.Kb3 Rh4 31.c3 Rg4 32.c4 bxc4+ 33.Kxc4 Kd6 34.Kd3 Rh4 35.Rf3
{#R} 0-1

[Event "It"]
[Site "masterchessopen.com Bogota (Colombia)"]
[Round "0"]
[White "Rodriguez Amador (ESP)"]
[Black "Gamboa Nelson (COL)"]
[Result "1-0"]
[WhiteElo "2441"]
[BlackElo "2367"]

1.e4 c5 2.Nf3 d6 3.d4 cxd4 4.Nxd4 Nf6 5.Nc3 Nc6 6.Bg5 Bd7 7.Qd2 Rc8 8.f4 Nxd4
9.Qxd4 Qa5 10.e5 dxe5 11.fxe5 e6 12.O-O-O Bc6 13.Nb5 Bxb5 14.exf6 Bc6 15.h4
gxf6 16.Bc4 Rg8 17.Qxf6 Rg6 18.Qf4 h6 19.Bf6 Rxg2 20.Rhf1 Qa4 21.b3 Qa3+
22.Kb1 Bg7 23.Bxg7 Rxg7 24.Qf6 Kf8 25.Qxe6 {#r} 1-0

[Event "It (open) \"]
[Site "masterchessopen.com Buenos Aires (Argentina)"]
[Round "0"]
[White "Madina Martin (ARG)"]
[Black "Sakurai Leonardo (ARG)"]
[Result "0-1"]
[WhiteElo "2274"]
[BlackElo "2280"]

1.e4 c5 2.Nf3 Nc6 3.d4 cxd4 4.Nxd4 Nf6 5.Nc3 d6 6.Bg5 Bd7 7.Qd2 Rc8 8.Nb3 a6
9.Be2 b5 10.f3 Na5 11.O-O e6 12.f4 Qb6+ 13.Kh1 Nc4 14.Bxc4 Rxc4 15.e5 Ne4
16.Nxe4 Rxe4 17.exd6 f6 18.Bh4 Qxd6 19.Qf2 Qc7 20.Rad1 Bd6 21.Qd2 Rxf4 22.Rxf4
Bxf4 23.Qd3 Bc8 24.Nc5 O-O 25.b4 Re8 26.h3 Qc6 27.Rf1 Bc7 28.Ne4 {#R} 0-1

[Event "It (open)"]
[Site "masterchessopen.com Giessen (Germany)"]
[Round "0"]
[White "Belik Dalibor (CZE)"]
[Black "Majer Damir (GER)"]
[Result "1-0"]
[WhiteElo "2350"]
[BlackElo "2256"]

1.e4 c5 2.Nf3 d6 3.d4 cxd4 4.Nxd4 Nf6 5.Nc3 Nc6 6.Bg5 Bd7 7.Qd2 Rc8 8.f3 e6
9.Ndb5 Nb4 10.Nxa7 Ra8 11.Nab5 Qa5 12.Rd1 d5 13.a3 Na6 14.exd5 Bc5 15.dxe6
Bxe6 16.Nd6+ Bxd6 17.Bb5+ Bd7 18.Qxd6 Bxb5 19.Bxf6 gxf6 20.b4 Qxa3 21.Nd5 {#r}
1-0

[Event "Memorial J.Capablanca (b)"]
[Site "masterchessopen.com Habana (Cuba)"]
[Round "0"]
[White "Garcia Gildardo (COL)"]
[Black "Otero Evelio (CUB)"]
[Result "1-0"]
[WhiteElo "2470"]
[BlackElo "2385"]

1.e4 c5 2.Nf3 Nc6 3.d4 cxd4 4.Nxd4 Nf6 5.Nc3 d6 6.Bg5 Bd7 7.Qd2 Rc8 8.O-O-O
Nxd4 9.Qxd4 Qa5 10.Be3 a6 11.Be2 Bc6 12.f3 e6 13.g4 Nd7 14.g5 b5 15.a3 Rb8
16.Rhe1 b4 17.axb4 Rxb4 18.Qa7 Nb8 19.Bc4 Be7 20.Kb1 Rb7 21.Qd4 O-O 22.Bd2 Qc7
23.f4 Rc8 24.Bb3 Bd7 25.f5 Nc6 26.Qc4 Na5 27.Qxc7 Rcxc7 28.fxe6 fxe6 29.Nd5
Nxb3 30.Nxe7+ Kf7 31.Bf4 e5 32.Nd5 Rc6 33.Bg3 Na5 34.Rf1+ Ke8 35.Rd3 Nc4
36.Be1 Be6 37.b3 Bxd5 38.exd5 Rc5 39.Rdf3 {#r} 1-0

[Event "Ch Cuba"]
[Site "masterchessopen.com Holguin (Cuba)"]
[Round "0"]
[White "Diaz Joaquin C (CUB)"]
[Black "Perez Rodney (CUB)"]
[Result "1-0"]
[WhiteElo "2327"]
[BlackElo "2424"]

1.e4 c5 2.Nf3 Nc6 3.d4 cxd4 4.Nxd4 Nf6 5.Nc3 d6 6.Bg5 Bd7 7.Qd2 Rc8 8.Be2 Nxd4
9.Qxd4 Qa5 10.Bd2 a6 11.Nd5 Qc5 12.Qxc5 Rxc5 13.Nxf6+ gxf6 14.Bd3 h5 15.Be3
Rc6 16.a4 Bh6 17.f4 e5 18.O-O Ke7 19.b3 Be6 20.a5 Rg8 21.c4 h4 22.Kh1 Rcc8
23.Bc1 Rh8 24.Ra2 exf4 25.Bxf4 Rc5 26.g3 Bxf4 27.gxf4 f5 28.exf5 Bxf5 29.b4
Bxd3 30.Re1+ Kf6 31.bxc5 dxc5 32.Re5 Bxc4 33.Rc2 Bb5 34.Rcxc5 Bc6+ 35.Kg1 Rd8
36.Rf5+ Ke7 37.Rce5+ Kf8 38.Rh5 Rd1+ 39.Kf2 Rd2+ 40.Re2 Rd5 {#r} 1-0

[Event "It (a)"]
[Site "masterchessopen.com Kecskemet (Hungary)"]
[Round "0"]
[White "Leko Peter (HUN)"]
[Black "Weindl Alfred (GER)"]
[Result "1-0"]
[WhiteElo "2385"]
[BlackElo "2350"]

1.e4 c5 2.Nf3 Nc6 3.d4 cxd4 4.Nxd4 Nf6 5.Nc3 d6 6.Bg5 Bd7 7.Qd2 Rc8 8.O-O-O
Nxd4 9.Qxd4 Qa5 10.Bd2 e5 11.Qd3 a6 12.Kb1 Qc7 13.Bg5 Be6 14.Bxf6 gxf6 15.Nd5
Bxd5 16.exd5 Bg7 17.h4 Qd7 18.g4 Rc5 19.Rg1 Qa4 20.Qf5 Ke7 21.Be2 b5 22.g5 b4
23.Rg3 Rhc8 24.Bd3 Rh8 25.gxf6+ Bxf6 26.Rf3 Bxh4 27.Rh1 {#r} 1-0

[Event "It (open)"]
[Site "masterchessopen.com Miedzybrodzie (Poland)"]
[Round "0"]
[White "Wehmeier Stefan (GER)"]
[Black "Ionov Sergey (RUS)"]
[Result "0-1"]
[WhiteElo "2315"]
[BlackElo "2510"]

1.e4 c5 2.Nf3 Nc6 3.d4 cxd4 4.Nxd4 Nf6 5.Nc3 d6 6.Bg5 Bd7 7.Qd2 Rc8 8.O-O-O
Nxd4 9.Qxd4 Qa5 10.Bxf6 gxf6 11.Bc4 Rg8 12.g3 Bg7 13.Qd3 f5 14.Nd5 e6 15.exf5
exd5 16.Bxd5 Qb5 17.Qe3+ Kf8 18.Bb3 Bxf5 19.Rd5 Rxc2+ 20.Kd1 Rc5 21.Rxd6 Re5
22.Qd2 Ke7 23.f4 Bg4+ 24.Kc1 Rc8+ 25.Kb1 Re2 {#R} 0-1

[Event "It"]
[Site "masterchessopen.com Moscow (Russia)"]
[Round "0"]
[White "Nikolenko Oleg (RUS)"]
[Black "Dragomarezkij Evgeni (RUS)"]
[Result "1-0"]
[WhiteElo "2450"]
[BlackElo "2404"]

1.e4 c5 2.Nf3 d6 3.d4 cxd4 4.Nxd4 Nf6 5.Nc3 Nc6 6.Bg5 Bd7 7.Qd2 Nxd4 8.Qxd4
Qa5 9.Bd2 Qc5 10.Qxc5 dxc5 11.e5 Ng4 12.Nb5 O-O-O 13.Nxa7+ Kc7 14.Nb5+ Bxb5
15.Bxb5 Nxe5 16.O-O-O Kb6 17.a4 g6 18.h3 Nc6 19.Be3 Bg7 20.c3 e6 21.Kc2 Bf6
22.b4 Be7 23.Rb1 Rd5 24.Bc4 Re5 25.Rhd1 Rxe3 26.fxe3 cxb4 27.Rd7 Rc8 28.a5+
Kc5 29.Be2 Bf6 30.cxb4+ Nxb4+ 31.Kb3 {#r} 1-0